El toreo contemporáneo (Record no. 148950)

MARC details
000 -LEADER
campo de control de longitud fija 00535nam a2200157 4500
001 - NÚMERO DE CONTROL
campo de control 148950
003 - IDENTIFICADOR DE NÚMERO DE CONTROL
campo de control ES-MaACL
007 - CAMPO FIJO DE DESCRIPCIÓN FÍSICA--INFORMACIÓN GENERAL
campo de control de longitud fija t|
008 - DATOS DE LONGITUD FIJA--INFORMACIÓN GENERAL
campo de control de longitud fija 070214q1954 sp r ||||1| spa d
100 1# - ENTRADA PRINCIPAL--NOMBRE DE PERSONA
Nombre de persona Sureda Molina, Guillermo.
9 (RLIN) 108824
245 13 - MENCIÓN DEL TÍTULO
Título El toreo contemporáneo
Resto del título : (1947-1954) /
Mención de responsabilidad, etc. Guillermo Sureda Molina ; prólogo de `Selipe` [seud.].
260 ## - PUBLICACIÓN, DISTRIBUCIÓN, ETC.
Lugar de publicación, distribución, etc. Palma de Mallorca :
Nombre del editor, distribuidor, etc. [s. n.],
Fecha de publicación, distribución, etc. [1954?] (
Fabricante Imp. Atlante)
300 ## - DESCRIPCIÓN FÍSICA
Extensión V, 218 p., 5 lám. ;
Dimensiones 20 cm.
700 1# - ENTRADA AGREGADA--NOMBRE PERSONAL
Nombre de persona `Selipe` [seud.]
9 (RLIN) 105313
852 ## - LOCALIZACIÓN
Ubicación ES-MaACL
Número de control de estantería C-9638
Sublocalización o colección R.37828
Holdings
Estatus retirado Estado de pérdida Estado de daño No para préstamo Biblioteca de origen Biblioteca actual Ubicación en estantería Fecha de adquisición Fuente de adquisición Total de préstamos Signatura topográfica completa Código de barras Visto por última vez Precio de reemplazo Tipo de ítem Koha
        Biblioteca del Ateneo de Madrid Biblioteca del Ateneo de Madrid Sala Palomar 17/01/2008     C-9638 1155435 23/02/2023 23/02/2023 Libro impreso